000 00529nam a2200181Ia 4500
008 131103s9999 xx 000 0 und d
040 _aLoreto College
041 _aEnglish
082 _a840.9/CRU
_bLCLIB/19451
245 _aFrench Literature And Its Background
_cEdited by John Cruickshank
260 _aLondon
_bOxford University Press
_c1969
300 _a234p
_c 20cm
504 _aThe senenteenth century
650 _aFrench-literature
700 _aCruickshank, John; ed
850 _aLCLIB/840.9/CRU
942 _cBK
999 _c24148
_d74627